000 01387cam a22003975a 4500
001 1871
003 FISKH
005 20231006153307.0
008 710404s1971 nyua j 000 1 eng d
010 _a 70134857
020 _a9780140546101
035 _a(OCoLC)ocm41063993
040 _aCMI
_cCMI
_dIHI
_dBAKER
_dDLC
_beng
042 _alccopycat
050 _aPZ7.M462
082 0 4 _a813.54
100 1 _aMayer, Mercer,
_d1943-
245 1 2 _aA boy, a dog, a frog and a friend /
_cby Mercer and Marianna Mayer.
260 _aNew York :
_bDial Books for Young Readers,
_c1971.
300 _a32 unnumbered pages :
_billustrations ;
_c19 cm.
505 _aD
520 _aA quiet fishing party is interrupted when something unexpected bites on the line.
521 8 _a160
_bLexile
521 8 _aD
_bRaz-Plus
650 1 _aFishing
_vFiction.
650 1 _aTurtles
_vFiction.
650 1 _aAnimals
_vFiction.
650 1 _aStories without words.
650 1 _aPicture books for children
700 1 _aMayer, Marianna.
_eAuthor
856 4 2 _3Contributor biographical information
_uhttp://www.loc.gov/catdir/enhancements/fy0720/70134857-b.html
856 4 2 _3Publisher description
_uhttp://www.loc.gov/catdir/enhancements/fy0720/70134857-d.html
906 _a0
_bibc
_ccopycat
_d2
_encip
_f20
_gy-gencatlg
942 _2ddc
_cBK
_n0
999 _c1871
_d1871